La legitimidad social, cultural y religiosa del Pentecostalismo en Chile y Costa Rica entre los años 30s. y 70s. /
Investiga el proselitismo religioso, desarrollado por el Pentecostalismo en Chile y Costa Rica entre los años 30 y 70, considerando el contexto socio histórico, cultural y religiosos donde se legitimó.
Kaydedildi:
| Yazar: | |
|---|---|
| Materyal Türü: | Tez Kitap |
| Dil: | Spanish |
| Baskı/Yayın Bilgisi: |
Santiago, Chile,
2015.
|
| Konular: | |
| Etiketler: |
Etiketle
Etiket eklenmemiş, İlk siz ekleyin!
|
MARC
| LEADER | 00000nam a22000007a 4500 | ||
|---|---|---|---|
| 008 | 160420s2015 cl |rm|||a000 0 spa d | ||
| 040 | |a CIICLA - UC | ||
| 041 | |a spa | ||
| 090 | |a T221 | ||
| 100 | 1 | |a Orellana Urtubia, Luis Alberto | |
| 245 | 1 | 3 | |a La legitimidad social, cultural y religiosa del Pentecostalismo en Chile y Costa Rica entre los años 30s. y 70s. / |c Luis Alberto Orellana Urtubia |
| 260 | |a Santiago, Chile, |c 2015. | ||
| 300 | |a 219 páginas | ||
| 502 | |a Tesis (doctorado en Estudios Americanos)--Universidad de Santiago de Chile. Facultad de Humanidades. Departamento de Historia. Instituto de Estudios Avanzados, 2015. | ||
| 520 | |a Investiga el proselitismo religioso, desarrollado por el Pentecostalismo en Chile y Costa Rica entre los años 30 y 70, considerando el contexto socio histórico, cultural y religiosos donde se legitimó. | ||
| 650 | 1 | 4 | |a MOVIMIENTO CARISMATICO |z CHILE |z COSTA RICA |
| 942 | |2 ddc |c BK | ||
| 999 | |c 4615 |d 4615 | ||
